Stacje i przystanki PKP PLK w podkarpackim - Statystyki

Ogólne statystyki
  • Ten quiz został rozwiązany 21 razy
  • Średni wynik to 47 z 175
Statystyki odpowiedzi
Stacja % Poprawnych
Rzeszów Główny
94%
Jasło
78%
Krosno
78%
Łańcut
78%
Przemyśl Główny
78%
Przeworsk
72%
Rzeszów Zachodni
72%
Sanok
72%
Dębica
67%
Jarosław
67%
Mielec
67%
Zagórz
67%
Kolbuszowa
61%
Przemyśl Zasanie
61%
Rzeszów Centrum
61%
Rzeszów Staroniwa
61%
Strzyżów nad Wisłokiem
61%
Tarnobrzeg
61%
Boguchwała
56%
Leżajsk
56%
Medyka
56%
Ropczyce
56%
Stalowa Wola
56%
Głogów Małopolski
50%
Lubaczów
50%
Nowa Sarzyna
50%
Radymno
50%
Nisko
44%
Nowy Zagórz
44%
Sędziszów Małopolski
44%
Stalowa Wola Centrum
44%
Stalowa Wola Rozwadów
44%
Zaklików
44%
Jedlicze
39%
Krosno Miasto
39%
Rudnik nad Sanem
39%
Rzeszów Osiedle
39%
Rzeszów Pobitno
39%
Rzeszów Politechnika
39%
Sanok Miasto
39%
Żurawica Rozrządowa
39%
Czudec
33%
Dębica Wschodnia
33%
Grębów
33%
Nowa Dęba
33%
Rzeszów Baranówka
33%
Rzeszów Staromieście
33%
Rzeszów Załęże
33%
Stalowa Wola Południe
33%
Babica
28%
Babica Kolonia
28%
Basznia
28%
Basznia Dolna
28%
Frysztak
28%
Horyniec-Zdrój
28%
Kosina
28%
Lubzina
28%
Lutoryż
28%
Munina
28%
Nisko Osiedle
28%
Nisko Podwolina
28%
Oleszyce
28%
Padew
28%
Rogoźno koło Łańcuta
28%
Ropczyce Witkowice
28%
Rzeszów Dworzysko
28%
Rzeszów Miłocin
28%
Rzeszów Zwięczyca
28%
Sędziszów Małopolski Wschodni
28%
Strażów
28%
Świlcza
28%
Trzciana
28%
Wiśniowa
28%
Żarnowa
28%
Będziemyśl
22%
Boguchwała Dolna
22%
Czarna Tarnowska
22%
Dęba Rozalin
22%
Dobrzechów
22%
Grzęska
22%
Hurko
22%
Jasło Fabryczne
22%
Krzemienica
22%
Lipa
22%
Medyka Rozrządowa
22%
Medyka Towarowa
22%
Mielec Południowy
22%
Moskale
22%
Nowa Sarzyna Kolonia
22%
Pełkinie
22%
Przemyśl Wschodni
22%
Pustynia
22%
Rudna Wielka
22%
Strzyżów Zachodni
22%
Surochów
22%
Targowiska
22%
Tryńcza
22%
Wisłoczanka
22%
Wojaszówka
22%
Zaklików Miasto
22%
Zbydniów
22%
Żurawica Osobowa
22%
Besko
17%
Bobrówka
17%
Budy Głogowskie
17%
Gliniczek
17%
Głogów Małopolski Niwa
17%
Głuchów
17%
Gniewczyna
17%
Grabiny
17%
Grodzisko Dolne
17%
Jelna
17%
Kalembina
17%
Kępa
17%
Kolbuszowa Górna
17%
Krosno Polanka
17%
Markuszowa
17%
Mielec Wolności
17%
Milcza
17%
Niziny
17%
Ostrów koło Radymna
17%
Pilchów
17%
Rogoźnica koło Rzeszowa
17%
Rudnik Stróża
17%
Szebnie
17%
Turbia
17%
Walawa
17%
Zaborów
17%
Zaborów Błonia
17%
Zaczernie
17%
Zarszyn
17%
Chmielów Zagumnie
11%
Cmolas
11%
Cygany
11%
Dąbie koło Dębicy
11%
Jedlicze Męcinka
11%
Kochanówka Pustków
11%
Korzenica
11%
Krosno Turaszówka
11%
Majdan Królewski
11%
Nisko Racławice
11%
Nowosielce
11%
Przybówka
11%
Pustków
11%
Rzemień
11%
Rzochów
11%
Sanok Dąbrówka
11%
Sobów
11%
Sośnica Jarosławska
11%
Wierzawice
11%
Wojsław
11%
Zagrody
11%
Chorzelów
6%
Chorzelów Południowy
6%
Długie
6%
Huta Komorowska
6%
Jadachy
6%
Jaślany
6%
Komorów Podmurynia
6%
Łętownia
6%
Majdan Królewski Podlasek
6%
Nowa Grobla
6%
Tarnowiec
6%
Tuszów Narodowy
6%
Tuszyma
6%
Widacz
6%
Widełka
6%
Wielowieś
6%
Wróblik Szlachecki
6%
Zarębki
6%
Jasło Niegowice
0%
Przysieki
0%
Siepietnica
0%
Skołyszyn
0%
Tarnowska Wola
0%
Nie znaleziono quizów pasujących do podanych kryteriów
Rozkład punktacji
Procent ludzi z każdym wynikiem
Percentyl według liczby udzielonych odpowiedzi
Twoja historia wyników
Nie rozwiązałeś tego quizu